Skúmanie regionálnych disparít na Slovensku bakalárska práca

Guardado en:
Detalles Bibliográficos
Autor principal: Puškášová, Katarína
Autor Corporativo: Podnikovohospodárska fakulta EU so sídlom v Košiciach. Katedra ekonómie
Otros Autores: Zárembová, Andrea, 1986-
Formato: Libro
Lenguaje:eslovaco
Publicado: Košice 2011
Etiquetas: Agregar Etiqueta
Sin Etiquetas, Sea el primero en etiquetar este registro!

MARC

LEADER 00000nbm a2200000 4500
001 0139206
005 20240827092958.1
041 0 |a slo 
044 |a SK 
245 1 0 |a Skúmanie regionálnych disparít na Slovensku  |b bakalárska práca  |c Katarína Puškášová ; školiteľ: Andrea Zárembová 
264 1 |a Košice  |c 2011 
300 |a 56 s. 
100 1 |a Puškášová, Katarína 
700 1 |a Zárembová, Andrea, 1986- 
710 2 |a Podnikovohospodárska fakulta EU so sídlom v Košiciach. Katedra ekonómie